El compromiso de la acción / (Record no. 107867)

MARC details
000 -LEADER
campo de control de longitud fija 00861nam a2200241 i 4500
001 - NÚMERO DE CONTROL
campo de control 107867
003 - IDENTIFICADOR DE NÚMERO DE CONTROL
campo de control ES-MaACL
005 - FECHA Y HORA DE LA ÚLTIMA TRANSACCIÓN
campo de control 20250902063102.0
007 - CAMPO FIJO DE DESCRIPCIÓN FÍSICA--INFORMACIÓN GENERAL
campo de control de longitud fija t|
008 - DATOS DE LONGITUD FIJA--INFORMACIÓN GENERAL
campo de control de longitud fija 061121s1967 sp r ||||1| spa d
100 1# - ENTRADA PRINCIPAL--NOMBRE DE PERSONA
Nombre de persona Mounier, Emmanuel,
Fechas asociadas al nombre 1905-1950
9 (RLIN) 83875
245 13 - MENCIÓN DEL TÍTULO
Título El compromiso de la acción /
Mención de responsabilidad, etc. Emmanuel Mounier ; selección, traducción, introducción y notas de Julián Blas de la Rosa, Juan Luis Pintos.
260 ## - PUBLICACIÓN, DISTRIBUCIÓN, ETC.
Lugar de publicación, distribución, etc. Madrid :
Nombre del editor, distribuidor, etc. ZYX,
Fecha de publicación, distribución, etc. 1967.
300 ## - DESCRIPCIÓN FÍSICA
Extensión 182 p. ;
Dimensiones 21 cm.
490 1# - MENCIÓN DE SERIE
Mención de serie Biblioteca "Promoción del Pueblo" ;
Designación de volumen o secuencia 15
650 07 - PUNTO DE ACCESO ADICIONAL DE MATERIA--TÉRMINO DE MATERIA
Término de materia o nombre geográfico como elemento de entrada Personalismo
Fuente del encabezamiento o término embne
9 (RLIN) 15975
650 04 - PUNTO DE ACCESO ADICIONAL DE MATERIA--TÉRMINO DE MATERIA
Término de materia o nombre geográfico como elemento de entrada Comunitarismo.
9 (RLIN) 11235
700 1# - ENTRADA AGREGADA--NOMBRE PERSONAL
Nombre de persona Blas de la Rosa, Julián.
9 (RLIN) 29350
700 1# - ENTRADA AGREGADA--NOMBRE PERSONAL
Nombre de persona Pintos, Juan-Luis.
9 (RLIN) 92240
830 0# - PUNTO DE ACCESO ADICIONAL DE SERIE-TÍTULO UNIFORME
Título uniforme Biblioteca "Promoción del Pueblo" ;
Designación de volumen o secuencia 15
9 (RLIN) 180624
852 ## - LOCALIZACIÓN
Ubicación ES-MaACL
Número de control de estantería C-33288
Sublocalización o colección R.63391
Holdings
Estatus retirado Estado de pérdida Estado de daño No para préstamo Biblioteca de origen Biblioteca actual Ubicación en estantería Fecha de adquisición Fuente de adquisición Total de préstamos Signatura topográfica completa Código de barras Visto por última vez Precio de reemplazo Tipo de ítem Koha
        Biblioteca del Ateneo de Madrid Biblioteca del Ateneo de Madrid Depósito 2 17/01/2008     C-33288 1112571 23/02/2023 23/02/2023 Libro impreso